000 00311nam a2200109 a 4500
005 20201002044933.0
008 140407s1971 000 spa d
100 _aFernández de Moratín, Leandro
_959822
245 3 _aLa comedia nueva o el café.
260 _aMadrid -- Libra,
_c1971 -- 174 p.
999 _c43212
_d43212
040 _aDO-SdBNP